Mathématiques: terminale D

Αποθηκεύτηκε σε:
Λεπτομέρειες βιβλιογραφικής εγγραφής
Κύριος συγγραφέας: Barra, Raymond (Συγγραφέας)
Μορφή: Βιβλίο
Γλώσσα:Γαλλικά
Έκδοση: París Nathan 1989
Σειρά:Collection transmath
Θέματα:
Ετικέτες: Προσθήκη ετικέτας
Δεν υπάρχουν, Καταχωρήστε ετικέτα πρώτοι!

MARC

LEADER 00000nam a2200000 a 4500
001 UCW1695
003 CL-VaPUC
008 921218e19890000FR |||||||||||||||||fre|d
082 0 4 |a 510.76  |b BAR  |2 21 
100 0 |a Barra, Raymond  |e author  |9 305743 
245 1 0 |a Mathématiques: terminale D 
300 |a 409 p 
942 |c BK 
945 |d 19921218 00:00:00  |a mfernand 
260 |a París  |b Nathan  |c 1989 
650 0 |a Matemáticas   |v Problemas, ejercicios, etc  |9 883048 
583 |a last modification  |c 19921218 00:00:00  |k Rodrigo Vera 
490 0 |a Collection transmath 
999 |c 216540  |d 216538